| 000 | 00711na a2200253 4500 | ||
|---|---|---|---|
| 001 | 19145 | ||
| 003 | MIRAKIL | ||
| 005 | 20181213155059.0 | ||
| 008 | 170116b tu 000 0 | ||
| 040 |
_aMilas _btur _cTR-AnCHP |
||
| 041 | _atur | ||
| 082 |
_a370.9561 _bE63a 1996 |
||
| 090 | _a370.9561 E63a 1996 | ||
| 100 | _aErginel, Adnan | ||
| 245 |
_aAilede ve okulda çocuk yetiştirme _cAdnan Erginel |
||
| 260 |
_aKıbrıs _bErginel Yayınları _c1996 |
||
| 300 |
_a151 s. _c22 sm. |
||
| 500 | _aYapıt yazarından imzalıdır. | ||
| 500 | _aKaynakça var. | ||
| 650 |
_aÇocuk yetiştirme _zTürkiye |
||
| 650 |
_aEğitim _xOkul _zTürkiye |
||
| 650 |
_aEğitim _xAile _zTürkiye |
||
| 942 |
_2ddc _cBKS |
||
| 999 |
_c6197 _d6197 |
||